| 000 | 01926nam0a2200397 i 4500 | ||
|---|---|---|---|
| 001 | RU\NLR\BIBL_A\011217556 | ||
| 005 | 20260409080829.0 | ||
| 010 |
_a9785392215140 _93000 |
||
| 021 |
_aRU _b2016-68952 _94440 |
||
| 035 | _a(NLR Aleph) 011217556 | ||
| 090 |
_a12005828 _c12005828 |
||
| 100 | _a20160922d2016 k y0rusy50 ca | ||
| 101 | 0 | _arus | |
| 102 | _aRU | ||
| 105 | _ay z|||000zy | ||
| 200 | 1 |
_aМастер и Маргарита: за Христа или против? _fдиак. Андрей Кураев |
|
| 205 | _aИзд. 3-е, доп. и перераб. | ||
| 210 |
_aМосква _cПроспект _d2016 |
||
| 215 |
_a270, [1] с. _d22 |
||
| 320 | _aБиблиогр. в подстроч. примеч. | ||
| 333 | _a18+ | ||
| 500 |
_aМастер и Маргарита _3RU\NLR\AUTH\559755 _92631756 |
||
| 600 | 1 |
_aБулгаков _bМ. А. _f1891 - 1940 _gМихаил Афанасьевич _xМировоззрение _92345450 _3RU\NLR\AUTH\661401648 |
|
| 604 |
_1700#1$aБулгаков$bМ.А.$gМихаил Афанасьевич$f1891 - 1940 _1500##$a"Мастер и Маргарита"$2nlr_sh2$3RU\NLR\AUTH\66171423 _3RU\NLR\AUTH\66171423 _aБулгаков, Михаил Афанасьевич (1891 - 1940) _t"Мастер и Маргарита" _91207867 |
||
| 686 | 1 | _aШ5(2=Р)7-4Булгаков | |
| 686 | 2 | _aЭ372.24-117.3 | |
| 700 | 1 |
_8rus _7ca _aКураев _bА. В. _gАндрей Вячеславович _f1963- _3RU\NLR\AUTH\77601 _9110646 |
|
| 702 | 0 |
_8rus _7ca _aИисус Христос _3RU\NLR\AUTH\779638 _9119452 |
|
| 702 | 1 |
_8rus _7ca _aБулгаков _bМ. А. _f1891-1940 _gМихаил Афанасьевич _3RU\NLR\AUTH\773529 _9113525 |
|
| 942 | _cBOOK | ||
| 980 | _aIA | ||
| 980 | _aNBR | ||
| 996 |
_aиноагент _bp _cКураев Андрей Вячеславович |
||